000 00407nam a22000977a 4500
008 190708b xxu||||| |||| 00| 0 eng d
010 _bHCCSF:97
245 _aHIGH COURT CIVIL SUIT NO. 0158 OF 2005 EDMOND MBALEKWIRE T/A EDMOND MBALE STORES VS CENTENARY RURAL DEVELOPMENT BANK LTD
260 _aCOMMERCIAL COURT DIVISION KAMPALA
_c2005
500 _aBEFORE:THE HONOURABLE MR. JUSTICE FMS EGONDA- NTENDE JUDGEMENT
999 _c8676
_d8676